000 01276nam a2200349 i 4500
001 000038130
003 DO-SdBNP
005 20250925104620.0
007 ta
008 130315s2006 dr a 001 f spa d
020 _z9993462624
040 _aDO-SdBNP
_bspa
_cBNPHU
_erda
041 _aspa
049 _aBNPD
082 4 _aRD863.5
_bC843i
_222
100 1 _aCot, Carmen,
_eautor
_4aut.
_933788
245 1 0 _aIluminadas crónicas /
_cCarmén Cot ; ilustraciones, Celina Ureña Cot
264 4 _aSanto Domingo :
_bUniversidad Autónoma de Santo Domingo,
_c©2006.
300 _a316 páginas :
_bilustraciones ;
_c23 cm.
336 _atexto
_btxt
_2rdacontent
337 _asin mediación
_bn
_2rdamedia
338 _avolumen
_bnc
_2rdacarrier
490 1 _aPublicaciones de la Universidad Autónoma de Santo Domingo
_v1306
490 1 _aColección Literatura y Sociedad
_v65
500 _aIncluye referencias bibliográficas y notas al pie de las páginas.
590 _aInventariado, 2025/BT
650 4 _aNovela dominicana
_9223
650 4 _aLiteratura dominicana.
_967
830 0 _aPublicaciones de la Universidad Autónoma de Santo Domingo
_v1306
_pColección Literatura y Sociedad
_n65
_917164
910 _aValidado. Control de calidad EMS
942 _2ddc
_cLBS1
999 _c37620
_d37620